Council of Europe Member States - Statistics

General Stats
  • This quiz has been taken 95 times
    45 since last reset
  • The average score is 43 of 47
Answer Stats
Country % Correct
Finland
100%
France
100%
Russia
100%
Spain
100%
United Kingdom
100%
Andorra
97%
Belgium
97%
Estonia
97%
Italy
97%
Latvia
97%
Lithuania
97%
Norway
97%
Portugal
97%
Slovakia
97%
Sweden
97%
Ukraine
97%
Austria
93%
Croatia
93%
Czech Republic
93%
Denmark
93%
Germany
93%
Hungary
93%
Iceland
93%
Luxembourg
93%
Netherlands
93%
Poland
93%
Slovenia
93%
Albania
90%
Bosnia and Herzegovina
90%
Bulgaria
90%
Cyprus
90%
Ireland
90%
Malta
90%
Romania
90%
Greece
86%
Moldova
86%
Monaco
86%
Montenegro
86%
North Macedonia
86%
San Marino
86%
Serbia
86%
Switzerland
86%
Turkey
86%
Liechtenstein
83%
Armenia
79%
Azerbaijan
79%
Georgia
79%
No matching quizzes found
Score Distribution
Percent of People with Each Score
Percentile by Number Answered
Your Score History
You have not taken this quiz since the last reset